000 00446nam a2200157Ia 4500
008 140609s9999 xx 000 0 und d
020 _a9789712725166
050 _aPL 6062.1
_b.Sa59e 2011
100 _aSantos, Renato L.
245 _aEwan lang atbpang kuwan :
_bmga tula /
_cni Renato L. Santos
260 _a[Manila, Philippines] :
_b[S.n.],
_cc2011.
300 _a176 p. ;
_c23 cm.
521 _aGE
942 _kLOC
_cBK
999 _c117902
_d117902